| 000 | 00848nam a22002657a 4500 | ||
|---|---|---|---|
| 005 | 20170818091948.0 | ||
| 008 | 141107s2000 ec a gr 00010 spa d | ||
| 020 | _a9978045910 | ||
| 022 | _a13901222 | ||
| 040 |
_aCO-BoIAVH _cCO-BoIAVH |
||
| 041 | _aspa | ||
| 044 | _aec | ||
| 082 | 0 | 4 |
_a577.38 _bP5 |
| 245 | 0 | 0 |
_aLos suelos del páramo / _c editado por Galo Medina, Carmen Josse y Patricio Mena |
| 260 | 3 |
_aQuito : _bEdiciones Abya-Yala, _c2000. |
|
| 300 |
_a75 páginas : _c21 cm. |
||
| 490 |
_aPáramo _v5 |
||
| 650 | 6 |
_aPáramos. _xerosión |
|
| 650 | 6 |
_aComunidades _xSobrepastoreo _z Ecuador. |
|
| 700 | 1 |
_aMedina, Galo _eeditor |
|
| 700 | 1 |
_aJosse, Carmen _eeditora |
|
| 700 | 1 |
_aMena, Patricio _eeditor |
|
| 710 | 2 | _aGrupo de Trabajo en Páramos del Ecuador (GTP) | |
| 942 |
_2ddc _cLIBRO |
||
| 999 |
_c19744 _d19744 |
||